| 000 | 02321cam a2200361 i 4500 | ||
|---|---|---|---|
| 003 | SA-RiAUC | ||
| 005 | 20250204071556.0 | ||
| 008 | 250202s1997 su g i 000r0 ara c | ||
| 020 | _a9960632504 | ||
| 024 | 0 | _a00000000969601 | |
| 040 |
_aSA-MaMIU _bara _cSA-RiAUC _dAE-DuMBRL _erda |
||
| 050 | 4 | _bQ74 1997 | |
| 082 | 0 | 4 |
_a227.3016 _qSA-RiAUC |
| 090 |
_a227.3016 _b ق ش ي |
||
| 100 | 1 |
_aالقشيري، عبد الرحمن بن ظافر _eمؤلف. |
|
| 245 | 1 | 0 |
_aكشاف المسائل الفقهية والعقدية في تفسير أضواء البيان لفضيلة الشيخ محمد الأمين الشنقيطي / _cإعداد عبد الرحمن بن ظافر القشيري. |
| 250 | _aالطبعة الأولى. | ||
| 264 | 1 |
_aالرياض : _bدار المسلم للنشر والتوزيع، _c1997. |
|
| 264 | 3 |
_aالرياض : _bمطابع الحميضي |
|
| 300 |
_a169 صفحة ؛ _c24 × 17 سم |
||
| 336 |
_aنص _btxt _2rdacontent _3كتاب |
||
| 337 |
_aبدون وسيط _bn _2rdamedia |
||
| 338 |
_aمجلد _bnc _2rdacarrier |
||
| 520 | _aيتناول كتاب (كشاف المسائل الفقهية والعقدية في تفسير أضواء البيان) والذي قام بتأليفه الشيخ محمد الأمين الشنقيطي، موضوع (تفسير أضواء البيان) الكتاب مرجعا سهلا لطلبة العلم يبحث في المسائل الفقهية والعقدية، وقد زادت هذه المسائل على ألف مسألة. ولأن الغالب أنه يبحث في مسائل الفقه أكثر من غيرها، لذا فقد قدمت المسائل الفقهية على مسائل العقيدة. | ||
| 630 | 2 | 7 |
_aالقرآن _xتفاسير مأثورة _vكشافات _2aucut |
| 700 | 1 | 2 |
_aالشنقيطي، محمد الأمين بن محمد المختار بن عبد القادر، _d1907-1973. _tأضواء البيان في إيضاح القرآن بالقرآن. |
| 730 | 2 | 2 | _aالقرآن |
| 856 | 4 | _uhttp://10.0.0.80/maisun2/30%20(15).pdf | |
| 856 | 4 | _uhttp://10.0.0.80/maisun3/63%20(7).pdf | |
| 942 |
_2ddc _cBOOK _n0 |
||
| 949 |
_aSA-JeALM _d250202 _uosman123 _n1 |
||
| 999 |
_c5554 _d5554 |
||